01313nam a22001937a 45000010005000000030006000050050017000110080041000280200018000690400029000870820011001161000020001272450093001472600037002403000048002775200723003256500034010487000037010828192FISKH20250901154354.0250901b cb ||||| |||| 00| 0 eng d a9781597071673 aFISKHbengcFISKHdFISKH a 741.5 aFarshtey, Greg  aBionicle, Volumn 7: bRealm of fear /cWriter : Greg Farshtey ; Artist Christian Zanier  aNew York : bPapercutz, c2000.  a72 pages : bcolor illustrations ; c20 cm  aToa Mahri Matora has been forced to sacrifice himself in order to save the great spirit Mata Nui, and the remaining Toa are in discord as a result. Mata Nui remains asleep, the world in disarray, and the Toa are left stuck in a swamp, planning their next move against the Makuta and trying to discover a way to awaken the great spirit Mata Nui. The Mask of Light, meanwhile, has taken on a life of its own as its true power has not yet been discovered. The mask becomes an entity all its own, andinstead of creating new guardians decides to guard itself, transforming into the powerful Toa Ignkika! Now, the Toa must team up with the Toa Ignika to awaken Mata Nui, and face dangers beyond anything they've seen before. aJuvenile LiteraturevFiction aZanier, Christian eillustrator